|
|
|
|
| LEADER |
01305nam a2200337Ia 4500 |
| 001 |
EBC429324 |
| 003 |
MiAaPQ |
| 005 |
20200520144314.0 |
| 006 |
m o d | |
| 007 |
cr cn||||||||| |
| 008 |
090522s2008 gw sb 001 0 ger d |
| 020 |
|
|
|z 9783110189858
|
| 035 |
|
|
|a (MiAaPQ)EBC429324
|
| 035 |
|
|
|a (Au-PeEL)EBL429324
|
| 035 |
|
|
|a (CaPaEBR)ebr10282635
|
| 035 |
|
|
|a (CaONFJC)MIL207324
|
| 035 |
|
|
|a (OCoLC)437113319
|
| 040 |
|
|
|a MiAaPQ
|c MiAaPQ
|d MiAaPQ
|
| 050 |
|
4 |
|a DG507
|b .G65 2008
|
| 100 |
1 |
|
|a Goltz, Andreas.
|
| 245 |
1 |
0 |
|a Barbar - konig - tyrann
|h [electronic resource] :
|b das bild theoderichs des grosen in der uberlieferung des 5. bis 9. Jahrhunderts /
|c Andreas Goltz.
|
| 260 |
|
|
|a Berlin :
|b W. de Gruyter,
|c 2008.
|
| 300 |
|
|
|a xv, 681 p.
|
| 490 |
0 |
|
|a Millennium-Studien / Millennium Studies ;
|v 12
|
| 504 |
|
|
|a Includes bibliographical references and index.
|
| 533 |
|
|
|a Electronic reproduction. Ann Arbor, MI : ProQuest, 2015. Available via World Wide Web. Access may be limited to ProQuest affiliated libraries.
|
| 600 |
0 |
0 |
|a Theodoric,
|c King of the Ostrogoths,
|d 454?-526.
|
| 650 |
|
0 |
|a Goths
|x History.
|
| 655 |
|
4 |
|a Electronic books.
|
| 710 |
2 |
|
|a ProQuest (Firm)
|
| 856 |
4 |
0 |
|u https://ebookcentral.proquest.com/lib/matrademy/detail.action?docID=429324
|z Click to View
|